Noms de ces clubs (Facile) - Statistiques

Statistiques générales
  • Ce quiz a été pris 108 fois
  • Le résultat moyen est 11 sur 12
Statistiques - réponses
Par images Réponse % Correct
Olympique de Marseille
100%
Juventus
98%
Paris Saint Germain
98%
Réal Madrid
98%
Arsenal FC
96%
Chelsea
96%
FC Barcelone
96%
Liverpool
96%
Manchester United
94%
Bayern Munich
91%
Tottenham Hotspur
84%
Montpellier
82%
Aucun quiz correspondant
Distribution des résultats
% des personnes avec chaque résultat
Percentile par nombre de réponses
Votre historique - résultats
Vous n’avez pas pris ce quiz